Music Quiz

Random Music Quiz
Score 0/10 Timer 07:00
0 Plays Today
Hint Answer % Correct
Young Gypsey, Seville, Don Jose, Bullfight, by Bizet Carmen
96.6%
Ethiopian Princess, Radames, Buried Alive, by VerdiAida
94.4%
Seduce Donna Anna, kills Commendatore in swordfight, statue comes to life, by MozartDon Giovanni
86.5%
Susanna, servants of Count Almaviva, Impersonating Cherubino. by MozartThe Marriage of Figaro
85.4%
Benjamin Franklin Pinkerton, Cio-Cio-San, 'Trouble', Kate, by PucciniMadama Butterfly
82%
Four Extremely poor French friends, Rodolfo, Marcello, by PucciniLa Boheme
79.8%
Jokanaan (John the Baptist), King Herod, by StraussSalome
75.3%
14th Century Swiss Patroit, Leuthold, shoot apple on son's head, escape by setting house on fire, by RossiniWilliam Tell
71.9%
Count Almaviva, Rosina, drunken soldier, bribery, prequel, by RossiniThe Merchant of Seville
6.7%
Ivan the Terrible, Grigori, Dmitri, revolt, tsarevich, by MussorgskyBoris Gondunov
4.5%
Remove Ads.
Support Sporcle.
Get the best of Sporcle when you Go Orange. This ad-free experience offers more features, more stats, and more fun while also helping to support Sporcle. Thank you for becoming a member.

You're not logged in!

Compare scores with friends on all Sporcle quizzes.
OR
Log In

Show Comments

Extras

Created Sep 13, 2013ReportNominate
Tags:Key Words, Opera

Top Quizzes Today


Score Distribution

Your Account Isn't Verified!

In order to create a playlist on Sporcle, you need to verify the email address you used during registration. Go to your Sporcle Settings to finish the process.

Report this User

Report this user for behavior that violates our Community Guidelines.

Details: